Race-to-Nine Word Puzzle #19 - Statistics

General Stats
  • This quiz has been taken 308 times
  • The average score is 5 of 7
Answer Stats
# Answer % Correct
4 Ents, Nest, Nets, Sent, Sten, Tens
100%
3 Net, Ten
100%
5 Notes, Onset, Seton, Steno, Stone, Tenso, Tones
99%
6 Nonets, Sonnet, Stonen, Stonne, Tennos, Tenons, Tenson, Tonnes
92%
7 Intones, Tension
57%
8 Mentions
45%
9 Antinomes, Nominates
16%
No matching quizzes found
Score Distribution
Percent of People with Each Score
Percentile by Number Answered
Your Score History
You have not taken this quiz